A Practical guide to business writing : writing in English for non-native speakers.
| Main Author: | |
|---|---|
| Format: | Book |
| Published: |
Chichester, West Sussex:
John Wiley & Sons,
2013.
|
| Subjects: |
| LEADER | 00474cam a2200145 7i4500 | ||
|---|---|---|---|
| 001 | 0000030158 | ||
| 005 | 20130923090000.0 | ||
| 090 | 0 | 0 | |a B 808.06 |b ALM |
| 100 | 1 | 0 | |a Al Maskari |
| 245 | 1 | 2 | |a A Practical guide to business writing : |b writing in English for non-native speakers. |
| 260 | 0 | 0 | |a Chichester, West Sussex: |b John Wiley & Sons, |c 2013. |
| 300 | # | # | |a 152 p. |
| 650 | 0 | 0 | |a Business communication |
| 650 | 0 | 0 | |a Business Writing |
| 999 | |a 0000033005 |b Book |c Book |e Business Information Centre | ||